00000000cam 2200000za 4500
0019.674417
003CaOODSP
00520260105075423
007cr |||||||||||
008150407|2005||||xxc|||||o    f|0| 0 chi d
020 |a0-662-02794-9
040 |aCaOODSP|beng
043 |an-cn---
0861 |aM39-115/2005Chi2-PDF|zM39-115/2005Ch-PDF
24500|aRETScreen® software online user manual - photovoltaic project model |h[electronic resource]
250 |a[Simplified Chinese edition].
260 |aQuébec - Quebec : |bNatural Resources Canada. |cc1997-2005.
300 |a102p.|bcoloured illus., graphs
504 |aBibliography.
546 |aText in Simplified Chinese.
590 |a13-24-Supp|b2013-10-18
69007|aAlternative energy|2gcpds
69007|aEnergy technology|2gcpds
69007|aSolar energy|2gcpds
7101 |aCanada. |bEnergy Technology Branch.
77508|tRETScreen® software online user manual - photovoltaic project model / |w(CaOODSP)9.687440
792 |tLogiciel RETScreen® manuel de l'utilisateur en ligne - modèle pour projets d'installation photovoltaïque |efre|w(CaOODSP)9.674418
85640|ahttp://publications.gc.ca|qPDF|s918 KB|uhttps://publications.gc.ca/collections/collection_2013/rncan-nrcan/M39-115-2005-chi.pdf